书目信息 |
| 题名: |
Web前端开发技术:HTML5、CSS3、JavaScript
|
|
| 作者: | 储久良 编著 | |
| 分册: | ||
| 出版信息: | 北京 清华大学出版社 2018 |
|
| 页数: | 441页 | |
| 开本: | 26cm | |
| 丛书名: | 高等学校软件工程专业系列教材 | |
| 单 册: | ||
| 中图分类: | TP312.8 , TP393.092.2 | |
| 科图分类: | ||
| 主题词: | 超文本标记语言--程序设计 , 网页制作工具 , Java语言--程序设计 | |
| 电子资源: | ||
| ISBN: | 978-7-302-48863-7 | |
| 000 | 01320oam2 2200301 450 | |
| 001 | 5651 | |
| 005 | 20181022091302.90 | |
| 010 | @a978-7-302-48863-7@dCNY59.50 | |
| 100 | @a20180819d2018 em y0chiy50 ea | |
| 101 | 0 | @achi |
| 102 | @aCN@b110000 | |
| 105 | @aak az 000yy | |
| 200 | 1 | @aWeb前端开发技术:HTML5、CSS3、JavaScript@9web qian duan kai fa ji shu: html5、css3、javascript@f储久良编著 |
| 205 | @a3版 | |
| 210 | @a北京@c清华大学出版社@d2018 | |
| 215 | @a441页@c图@d26cm | |
| 225 | 2 | @a高等学校软件工程专业系列教材 |
| 320 | @a有书目(第440-441页) | |
| 330 | @a本书第3版紧贴互联网行业发展对Web前端开发工程师岗位的新要求,结合众多高校教师的教学反馈意见和建议,在第2版的基础上新增加了HTML5和CSS3相关新特性和新应用。全书详细地介绍了HTML、CSS、DIV、HTML5基础和CSS3应用、JavaScript、DOM与BOM、HTML5高级应用等部分的基本语法和关键应用。内容编排结构合理,由浅入深,循序渐进地引导读者快速入门,并能提高初级及以上读者的实际应用水平,让读者能够快速适应移动互联网行业对Web前端开发工程师岗位的新需求。 | |
| 461 | 0 | @12001 @a高等学校软件工程专业系列教材 |
| 606 | 0 | @a超文本标记语言@x程序设计 |
| 606 | 0 | @a网页制作工具 |
| 606 | 0 | @aJava语言@x程序设计 |
| 690 | @aTP312.8@v5 | |
| 690 | @aTP393.092.2@v5 | |
| 701 | 0 | @a储久良@9chu jiu liang@4编著 |
| 801 | 0 | @aCN@b91MARC@c20180819 |
| 905 | @aMuseLib@dTP312.8@e1405=3 | |
| Web前端开发技术:HTML5、CSS3、JavaScript/储久良编著.-3版.-北京:清华大学出版社,2018 |
| 441页:图;26cm.-(高等学校软件工程专业系列教材) |
| ISBN 978-7-302-48863-7:CNY59.50 |
| 本书第3版紧贴互联网行业发展对Web前端开发工程师岗位的新要求,结合众多高校教师的教学反馈意见和建议,在第2版的基础上新增加了HTML5和CSS3相关新特性和新应用。全书详细地介绍了HTML、CSS、DIV、HTML5基础和CSS3应用、JavaScript、DOM与BOM、HTML5高级应用等部分的基本语法和关键应用。内容编排结构合理,由浅入深,循序渐进地引导读者快速入门,并能提高初级及以上读者的实际应用水平,让读者能够快速适应移动互联网行业对Web前端开发工程师岗位的新需求。 |
| ● |
| 相关链接 |
|
|
|
|
正题名:Web前端开发技术:HTML5、CSS3、JavaScript
索取号:TP312.8/1405=3
 
预约/预借
| 序号 | 登录号 | 条形码 | 馆藏地/架位号 | 状态 | 备注 |
| 1 | 1130656 | 211306567 | 第二样本阅览室/ [索取号:TP312.8/1405=3] | 在馆 | |
| 2 | 1130657 | 211306576 | 第三借阅区/ [索取号:TP312.8/1405=3] | 在馆 | |
| 3 | 1130658 | 211306585 | 第三借阅区/ [索取号:TP312.8/1405=3] | 在馆 | |
| 4 | 1130659 | 211306594 | 第三借阅区/ [索取号:TP312.8/1405=3] | 在馆 | |
| 5 | 1130660 | 211306601 | 第三借阅区/ [索取号:TP312.8/1405=3] | 在馆 |